书目信息 |
| 题名: |
北大经济课精义
|
|
| 作者: | 王平辉 编著 | |
| 分册: | ||
| 出版信息: | 重庆 重庆出版社 2014 |
|
| 页数: | 270页 | |
| 开本: | 24cm | |
| 丛书名: | ||
| 单 册: | ||
| 中图分类: | F2 | |
| 科图分类: | ||
| 主题词: | 经济计划 , 经济管理 | |
| 电子资源: | ||
| ISBN: | 7-229-07863-6 | |
| 000 | 00587nam0 2200205 450 | |
| 001 | 139623 | |
| 005 | 20140913084419.42 | |
| 010 | @a7-229-07863-6@dCNY 29.80 | |
| 100 | @a20140913d2014 km y0chiy0120 ea | |
| 101 | 0 | @achi |
| 102 | @aCN@b110000 | |
| 200 | 1 | @a北大经济课精义@Abei da jing ji ke jing yi@f王平辉编著@Fwang ping hui bian zhu |
| 210 | @a重庆@c重庆出版社@d2014 | |
| 215 | @a270页@d24cm | |
| 606 | 0 | @a经济计划 |
| 606 | 0 | @a经济管理 |
| 690 | @aF2@v4 | |
| 701 | 0 | @a王平辉@Awang ping hui@4编著 |
| 801 | 0 | @aCN@b大连网信软件有限公司图书馆·11@c20140913 |
| 905 | @a241430@dF2@eW300 | |
| 北大经济课精义/王平辉编著.-重庆:重庆出版社,2014 |
| 270页;24cm |
| ISBN 7-229-07863-6:CNY 29.80 |
| ● |
| 相关链接 |
|
|
|
正题名:北大经济课精义
索取号:F2/W300
 
预约/预借
| 序号 | 登录号 | 条形码 | 馆藏地/架位号 | 状态 | 备注 |
| 1 | 0831569 | 208315697 | 社科二线422/409社科库 71排4列4层/ [索取号:F2/W300] | 在馆 | |
| 2 | 0831570 | 208315704 | 社科二线422/409社科库 71排4列4层/ [索取号:F2/W300] | 在馆 | |
| 3 | 0831571 | 208315713 | 社科库409/409社科库 71排4列4层/ [索取号:F2/W300] | 在馆 |